| 000 | 00541nam a2200205Ia 4500 | ||
|---|---|---|---|
| 003 | OSt | ||
| 005 | 20251216121031.0 | ||
| 008 | 210210b2012 xxu||||| |||| 00| 0 eng d | ||
| 040 | _cAL | ||
| 041 | _aKannada | ||
| 082 | _aK894.209 VIJR | ||
| 100 |
_aVIJAYA _dವಿಜಯಾ _9249225 |
||
| 245 |
_aRangasangatya _bರಂಗಸಾಂಗತ್ಯ |
||
| 260 |
_aBengaLUru _bIla Prakashana _c2012 |
||
| 300 | _ax,254 | ||
| 650 |
_aRangasAngatya _9249226 |
||
| 690 |
_aKannada Drama Criticism _9249227 |
||
| 906 | _a068314 | ||
| 942 |
_2ddc _cBK |
||
| 999 |
_c152661 _d152661 |
||